Etihad Airways Destinations - Statistics

General Stats
  • This quiz has been taken 106 times
  • The average score is 78 of 95
Answer Stats
Country Destination % Correct
Netherlands Amsterdam
99%
Thailand Bangkok
97%
United States New York
97%
United Arab Emirates Abu Dhabi
96%
Belgium Brussels
96%
Egypt Cairo
96%
India New Delhi
96%
Algeria Algiers
95%
Spain Barcelona
95%
Qatar Doha
95%
Turkey Istanbul
95%
Saudi Arabia Riyadh
95%
Ethiopia Addis Ababa
94%
Greece Athens
94%
China Beijing
94%
Ireland Dublin
94%
Australia Melbourne
94%
India Mumbai
94%
China Shanghai
94%
Australia Sydney
94%
Japan Tokyo
94%
Denmark Copenhagen
92%
Indonesia Jakarta
92%
Spain Madrid
92%
France Paris
92%
Germany Frankfurt
91%
Pakistan Islamabad
91%
Saudi Arabia Jeddah
91%
Portugal Lisbon
91%
United Kingdom London
91%
Russia Moscow
91%
Germany Munich
91%
Lebanon Beirut
90%
Morocco Casablanca
90%
United States Chicago
90%
Vietnam Hanoi
90%
Malaysia Kuala Lumpur
90%
United Kingdom Manchester
90%
Italy Milan
90%
Kenya Nairobi
90%
Czech Republic Prague
90%
Italy Rome
90%
South Kore Seoul
90%
Canada Toronto
90%
Austria Vienna
90%
United States Washington
90%
Switzerland Zürich
90%
Jordan Amman
88%
Kuwait Kuwait City
88%
Russia Saint Petersburg
88%
Tunisia Tunis
88%
Bahrain Bahrain
87%
United States Boston
87%
Sri Lanka Colombo
87%
South Africa Johannesburg
87%
Philippines Manila
87%
Japan Osaka
87%
Singapore Singapore
87%
Taiwan Taipei
87%
Poland Warsaw
87%
Switzerland Geneva
86%
Pakistan Karachi
84%
Thailand Phuket
84%
Israel Tel Aviv
84%
India Bangalore
83%
Indonesia Denpasar
83%
United States Atlanta
82%
Germany Düsseldorf
82%
China Hong Kong
82%
Maldives Malé
82%
Oman Muscat
81%
France Nice
81%
Turkey Antalya
79%
India Chennai
79%
Pakistan Lahore
79%
India Ahmedabad
77%
India Hyderabad
77%
India Kolkata
77%
Cambodia Phnom Penh
75%
Spain Málaga
74%
Saudi Arabia Dammam
70%
United States Charlotte
65%
Greece Santorini
65%
India Kochi
60%
Thailand Chiang Mai
58%
India Jaipur
56%
Pakistan Peshawar
55%
India Thiruvananthapuram
55%
Greece Mykonos
52%
Thailand Krabi
45%
Indonesia Medan
45%
India Kozhikode
43%
Russia Sochi
43%
Saudi Arabia Gassim
18%
Egypt El Alamein
14%
No matching quizzes found
Score Distribution
Percent of People with Each Score
Percentile by Number Answered
Your Score History
You have not taken this quiz